00000000nam##2200000za#4500
0019.593634
003CaOODSP
00520210624201941
007cr |||||||||||
008150406|2001||||xxc|||||o    f|0| 0 fre|d
040 |aCaOODSP|bfre
043 |an-cn---
0861 |aYM32-6/01-25F-PDF
24503|aLa forteresse Amérique du Nord? Ce qu'implique la «sécurité du périmètre» pour le Canada : |h[ressource électronique]|brapport du séminaire / |c[par] Blayne Haggart.
260 |bBibliothèque du Parlement. |cLe 18 décembre 2001.
300 |a14p.
4901 |a[Les études générales modulaires]|vPRB 01-25F
590 |a07-01-Supp|b2007-01-31
69107|aSécurité nationale|2gcpds
69107|aTerrorisme|2gcpds
7101 |aCanada.|bBibliothèque du Parlement. |bDirection de la recherche parlementaire.
7201 |aHaggart, Blayne
77508|tFortress North America? What "perimeter security" means for Canada : |w(CaOODSP)9.561015
830#0|a[Les études générales modulaires]|vPRB 01-25F|w(CaOODSP)9.501321
85640|ahttp://publications.gc.ca|qPDF|s149 Ko|uhttps://publications.gc.ca/collections/Collection-R/LoPBdP/PRB-f/PRB0125-f.pdf|yPRB 01-25F